| 000 | 00716nam a2200205Ia 4500 | ||
|---|---|---|---|
| 003 | OSt | ||
| 005 | 20240530103431.0 | ||
| 008 | 140319s9999 xx 000 0 ara d | ||
| 040 |
_aGCL / _cGCL |
||
| 082 | 0 | 4 |
_a301.2962 _bق/ع ت |
| 100 | 1 | _aعبدالرحمن زكى | |
| 245 | 1 | 0 |
_aتراث القاهرة العلمى والفنى فى العصر الاسلامى / _cعبدالرحمن زكى |
| 260 |
_aالقاهرة : _bمكتبة الانجلوالمصرية ، _c1969 |
||
| 300 |
_a118 ص ؛ _c24 سم |
||
| 650 | 0 | 4 | _aالاحوال الثقافية |
| 650 | 0 | 4 | _aالقاهرة |
| 650 | 0 | 4 | _aالثقافة الاسلامية - مصر |
| 650 | 0 | 4 | _aالثقافة المهنية |
| 942 |
_2ddc _cBK |
||
| 999 |
_c39334 _d39334 |
||